000 00332nam a22001457a 4500
008 221104b ||||| |||| 00| 0 eng d
020 _a0534578977
041 _aeng
080 _2THIRD EDITION
_a316
082 _a316 KEN
100 _a24.2
101 _aSOCIO
245 _aSOCIOLOGY IN OUR TIMES
_cKENDALL D
942 _2udc
_cBK
999 _c58752
_d58752